000 01294nam a2200241Ii 4500
003 JO-AjNU
005 20240625130826.0
008 230605s9999||||xx |||||||||||||| ||und||
040 _aJO-AjNU
_bara
_erda
_cJO-AjNU
041 _aara
050 1 4 _aHD45 2022
100 1 _aالحجاجرة، ختام عبدالغفار عبد المنعم
_eمعد
_965658
245 0 0 _aأثر القيادة التحويلية في تنمية الإبداع الإداري لدى العاملين في شركات الاتصالات في الأردن =The impact of Transformational Leadership in Developing Adminstrative Creativity among Employees in Telcommunications companies in jordan /
_cاعداد ختام عبدالغفار عبدالمنعم الحجاجرة؛ اشراف محمود علي الروسان
264 3 1 _a2022
300 _a132 ورقة
336 _atext
_btxt
_2rdacontent
337 _aunmediated
_bn
_2rdamedia
338 _avolume
_bnc
_2rdacarrier
500 _aرسالة جامعية(اطروحة ماجستير) جامعة عجلون الوطنية، كلية ادارة الاعمال، تخصص ادارة الاعمال، 2022
650 4 _aالابداع في الادارة
_962442
700 1 _aالروسان، محمود علي
_eمشرف
_965363
942 _2lcc
_cTHS
999 _c31843
_d31843